000 00210nam a2200097Ia 4500
005 20251222114345.0
008 251222s1900||||xx |||||||||||||| ||spa||
082 _aDVD0080/D98/1998
245 0 _aCoraje:
942 _cDVD
999 _c995
_d995